| 000 | 01105cam a2200337 a 4500 | ||
|---|---|---|---|
| 001 | 22845 | ||
| 003 | SK-KTurca | ||
| 005 | 20260429131228.0 | ||
| 008 | 240315s2001 xo r 00000 slo | ||
| 015 | _aSNBA2001/11-03776 | ||
| 020 | _a8088915694 | ||
| 035 | _aSNK000375518 | ||
| 035 | _aurn:nbn:sk:snk-amjd33 | ||
| 035 | _aurn:nbn:sk:snk-am003e6o | ||
| 035 | _a31FB7245-2952-4237-8BB2-AE13261A1BF7 | ||
| 040 |
_aSNK _bslo _cSNK _eAACR2 |
||
| 041 | 1 |
_aslo _hger |
|
| 044 |
_axo _cSK |
||
| 080 |
_a159.913(035) _21981 |
||
| 100 | 1 |
_aLejeune, Erich J. _4aut |
|
| 240 | 1 | 0 |
_aDu schaffst, was du willst! _lSlovensky |
| 245 | 1 | 0 |
_aDokážeš všetko, čo chceš _bsila je v tebe! _cErich J. Lejeune ; [z nemeckého originálu preložila Monika Sýkorová] |
| 260 |
_a[Bratislava] _bAktuell _c2001 |
||
| 300 |
_a248 s. _c20 cm |
||
| 500 | _aÚdaj o prekl. prevzatý z rubu tit. strany | ||
| 650 | 0 | 7 |
_amyslenie pozitívne _xúspech _xpríručky _2SNK |
| 655 | 7 |
_apríručky _2SNK |
|
| 700 | 1 |
_aSýkorová, Monika _4trl |
|
| 942 |
_2ddc _cKLDO _n0 |
||
| 999 |
_c22845 _d22845 |
||